00379 2200157 4500001002100000005001500021035002000036245004500056100002000101300001200121260004200133082000800175084001400183990001200197990001200209INLIS00000000000208520250527095654 a0010-05250003771 aPermainan Bola Basket /cKeven A. Prusak0 aKeven A. Prusak a131 hlm aYogyakarta :bCitra Aji Parama,c2007 a700 a700 KEV p a0712988 a0712989